000
00246nam a2200097Ia 4500
001
791652
005
20250826170614.0
008
250824s9999 xx 000 0 und d
245
0
_a
WHEN PERA TREES WHISPER
_c
AHMET ÜMİT
260
_b
EVEREST YAYINLARI
999
_c
791652
_d
791652